000 00687nam a2200265Ia 4500
001 19095
005 20240113235915.0
007 ta
008 060201s1950 a g b000 u 465 u
040 _aCotton College,Assam
041 _a465
082 _a808.1
_bR 137 P
100 _aRakesagupta, .
245 0 _aPsychological Studies in Rasa /
_cRakesagupta.
_hTextual Documents
250 _a1st ed. /
260 _aAligarh :
_bTaravali Gupta ,
_c1950.
300 _a179p. :
_bill ;
_c22cm .
653 _aEnglish literature
653 _aLiterature-English
653 _aG-English
942 _2ddc
_cBK
999 _c19077
_d19077